| 000 | 00406nam a2200169Ia 4500 | ||
|---|---|---|---|
| 008 | 230524s9999 xx 000 0 und d | ||
| 020 | _a8173667853 | ||
| 082 |
_a621.22 _bSAL |
||
| 100 |
_aM.Abdus Salam _92466 |
||
| 245 | 0 | _aBasic Electrical Circuits | |
| 250 | _a1ST | ||
| 260 |
_aMUMBAI _bShroff _c2004 |
||
| 300 | _aXVII;364+25 | ||
| 500 | _aQuantity Number: 1 | ||
| 650 | _aElectrical | ||
| 942 | _cBK | ||
| 999 |
_c4387 _d4387 |
||